UM Logo

The profile of street children in barangay Zone II Digos City/ (Record no. 2118)

MARC details
000 -LEADER
fixed length control field 00593nam a22001577a 4500
008 - FIXED-LENGTH DATA ELEMENTS--GENERAL INFORMATION
fixed length control field 160430b xxu||||| |||| 00| 0 eng d
082 ## - DEWEY DECIMAL CLASSIFICATION NUMBER
Edition number 2012
Classification number UT 0387
Item number T63
100 ## - MAIN ENTRY--PERSONAL NAME
9 (RLIN) 6862
Personal name Toribio, Shervie L.
245 ## - TITLE STATEMENT
Title The profile of street children in barangay Zone II Digos City/
Statement of responsibility, etc. Shervie L. Toribio, Jessa Joy C. Jimenea and Reymart S. Arriesgado.
260 ## - PUBLICATION, DISTRIBUTION, ETC. (IMPRINT)
Place of publication, distribution, etc. Digos City:
Name of publisher, distributor, etc. UMDC
Date of publication, distribution, etc. October 2012.
300 ## - PHYSICAL DESCRIPTION
Extent 34 pages;
Dimensions 29 cm.
650 #0 - SUBJECT ADDED ENTRY--TOPICAL TERM
9 (RLIN) 6861
Topical term or geographic name as entry element Elementary Education
General subdivision Undergraduate thesis.
700 ## - ADDED ENTRY--PERSONAL NAME
9 (RLIN) 6859
Personal name Jimenea, Jessa Joy C.
700 ## - ADDED ENTRY--PERSONAL NAME
9 (RLIN) 6860
Personal name Arriesgado, Reymart S.
942 ## - ADDED ENTRY ELEMENTS (KOHA)
Source of classification or shelving scheme Dewey Decimal Classification
Koha item type Undergraduate Thesis
Holdings
Withdrawn status Lost status Source of classification or shelving scheme Damaged status Not for loan Collection code Home library Current library Date acquired Total Checkouts Full call number Barcode Date last seen Price effective from Koha item type
    Dewey Decimal Classification     Undergraduate Theses UM Digos College - LIC UM Digos College - LIC 04/30/2016   UT 0387 T63 2012 UT0387 04/30/2016 04/30/2016 Undergraduate Thesis